Hướng dẫn học và ôn tập lịch sử Trung học phổ thông Phần lịch sử Việt Nam Tập 2
সংরক্ষণ করুন:
| প্রধান লেখক: | |
|---|---|
| বিন্যাস: | গ্রন্থ |
| ভাষা: | Vietnamese |
| প্রকাশিত: |
Hà Nội
Giáo dục
2003
|
| বিষয়গুলি: | |
| ট্যাগগুলো: |
ট্যাগ যুক্ত করুন
কোনো ট্যাগ নেই, প্রথমজন হিসাবে ট্যাগ করুন!
|
| Thư viện lưu trữ: | Trung tâm Học liệu Lê Vũ Hùng, Trường Đại học Đồng Tháp |
|---|
| LEADER | 00787aam a22002298a 4500 | ||
|---|---|---|---|
| 001 | 00040816 | ||
| 005 | 20180123100103.0 | ||
| 008 | 120403s2007 ||||||viesd | ||
| 020 | # | # | |c 69000 |
| 041 | 0 | # | |a vie |
| 082 | 1 | 4 | |a 907 |b H561D |
| 100 | 1 | # | |a Lê, Mậu Hãn |
| 245 | 1 | 0 | |n Tập 2 |a Hướng dẫn học và ôn tập lịch sử Trung học phổ thông |c Lê Mậu Hãn |b Phần lịch sử Việt Nam |
| 260 | # | # | |a Hà Nội |b Giáo dục |c 2003 |
| 300 | # | # | |b hình vẽ |a 146 tr. |c 21 cm. |
| 653 | # | # | |a Di tích lịch sử |
| 653 | # | # | |a Giáo dục |
| 653 | # | # | |a THPT |
| 653 | # | # | |a Việt Nam |
| 852 | # | # | |j KD.0023106 |j KM.0024209 |
| 910 | |d 23/01/2018 | ||
| 980 | # | # | |a Trung tâm Học liệu Lê Vũ Hùng, Trường Đại học Đồng Tháp |